<?xml version="1.0" encoding="UTF-8"?>
<collection xmlns="http://www.loc.gov/MARC21/slim">
 <record>
  <leader>00627pamaa2200169   4500</leader>
  <controlfield tag="001">0000025256</controlfield>
  <controlfield tag="005">20071205090000.0</controlfield>
  <datafield tag="020" ind1="0" ind2="0">
   <subfield code="a">0201561832 </subfield>
  </datafield>
  <datafield tag="090" ind1="0" ind2="0">
   <subfield code="a">QA76.5 </subfield>
   <subfield code="b">BEE 1999</subfield>
  </datafield>
  <datafield tag="100" ind1="1" ind2="0">
   <subfield code="a">Beekman </subfield>
  </datafield>
  <datafield tag="245" ind1="1" ind2="0">
   <subfield code="a">Computer confluence [</subfield>
   <subfield code="m">CD-ROM] : </subfield>
   <subfield code="b">version 3.5  </subfield>
   <subfield code="c">George Beekman.</subfield>
  </datafield>
  <datafield tag="260" ind1="0" ind2="0">
   <subfield code="a">Massachusetts: </subfield>
   <subfield code="b">Addison-Wesley, </subfield>
   <subfield code="c">1999.</subfield>
  </datafield>
  <datafield tag="300" ind1=" " ind2=" ">
   <subfield code="a">1 compact disc; </subfield>
   <subfield code="c">5 in.</subfield>
  </datafield>
  <datafield tag="500" ind1="0" ind2="0">
   <subfield code="a">Includes 1 compact guide titled &quot;Web page and design&quot; by Linda Ericksen</subfield>
  </datafield>
  <datafield tag="500" ind1="0" ind2="0">
   <subfield code="a">Accompany textbook titled &quot;Computer confluence: exploring tomorrow's technology&quot; 3rd. edition by George Beekman</subfield>
  </datafield>
  <datafield tag="650" ind1="0" ind2="0">
   <subfield code="a">Computers </subfield>
  </datafield>
  <datafield tag="650" ind1="0" ind2="0">
   <subfield code="a">Information technology </subfield>
  </datafield>
 </record>
</collection>
